Представление документа в формате RUSMARC

ПолеНазваниеЗначение
  Тип записи a
  Библиографический уровень c
001 Контрольный номер RU/SLIB/B/208765434
005 Дата корректировки 20241125094918.2
010 Индекс ISBN __
d Цена 20-00; 2-00
101 Язык документа 0_
a Язык текста rus
c Язык оригинала rus
200 Заглавие и сведения об ответственности 1_
a Заглавие Знамение
e Сведения, относящиеся к заглавию стихи и проза
b Общее обозначение материала Текст
210 Выходные данные 1_
a Место издания Сургут
c Издательство Сев. дом
d Дата издания 1993
215 Физическое описание __
a Объем 143 с.
c Иллюстрации/тип воспроизводства ил.
300 Общие примечания __
a Общие примечания К 20-летию г. Нижневартовска
a Общие примечания Обязат. экз.
606 Тематические рубрики __
a Основная рубрика Художественная литература
606 Тематические рубрики __
a Основная рубрика Русская литература XX в. (произведения)
606 Тематические рубрики __
a Основная рубрика Литература народов России (произведения)
z Хронологическая подрубрика 20 в.
y Географическая подрубрика Россия; РФ; Российская Федерация; ХМАО; Ханты-Мансийский автономный округ
610 Ключевые слова 0_
a Ключевые слова мансийская литература; поэты; ненецкая литература; проза; стихотворения; краеведение
686 Индексы других классификаций __
a Классификационный индекс К84(2Рос=Рус)6
686 Индексы других классификаций __
a Классификационный индекс К84(2Рос=Нен)6
686 Индексы других классификаций __
a Классификационный индекс К84(2Рос=Манс)6-4; стК84(2Рос=Рус)6 + стК84(2Рос=Нен)6 + стК84(2Рос=Манс)6-4
702 Вторичная интеллектуальная ответственность _1
a Фамилия Акимов
b Имя В.
4 Код отношения Автор
4 Код отношения 070
702 Вторичная интеллектуальная ответственность _1
a Фамилия Анисимкова
b Имя М.
4 Код отношения Автор
4 Код отношения 070
702 Вторичная интеллектуальная ответственность _1
a Фамилия Вэлла
b Имя Ю.
4 Код отношения Автор
4 Код отношения 070
702 Вторичная интеллектуальная ответственность _1
a Фамилия Речкин
b Имя М.
4 Код отношения Автор
4 Код отношения 070
702 Вторичная интеллектуальная ответственность _1
a Фамилия Гельмер
b Имя Л.
4 Код отношения Автор
4 Код отношения 070
801 Источник записи _0
a Страна RU
b Организация Муниципальное бюджетное учреждение культуры "Централизованная библиотечная система" г. Сургут (Центральная городская библиотека им. А. С. Пушкина)
g Правила каталогизации ОБ/Бутенко; КиК/Гришунина
801 Источник записи _1
a Страна RU
b Организация Муниципальное бюджетное учреждение культуры "Централизованная библиотечная система" г. Сургут (Центральная городская библиотека им. А. С. Пушкина)
g Правила каталогизации ОБ/Бутенко; КиК/Гришунина
852 Данные о местонахождении __
j Шифр хранения К84(2Рос=Рус)6
c Каталожный индекс К84(2Рос=Рус)6я43 ; К84(2Рос=Нен)6я44 ; К84(2Рос=Манс)6-4
i Авторский знак З-72
p Инвентарный номер 70307
901 Тип документа 1_
t Тип документа x
903 Характеристики (МАРС) __
a Дата передачи 20040514; 19990111
969 Тип издания __
a Тип издания сборник
990 Данные о заказе (DOS) __
j Количество экземпляров (DOS) 1; 1
t N записи в КСУ для И/У (DOS) 200405; 199801